000 00419nam a2200169Ia 4500
999 _c9639
_d9639
020 _a0700711104
082 _a302.1308995605 Jap-
245 0 _aJapanese influences and presences in Asia
260 _aRichmond
_bCurzon Press
_c2000
300 _a266
504 _aincludes index
650 _aSocial Influence
650 _aJapanese
_zAsia
700 _aReader, Ian
700 _aSoderberg, Marie
942 _cBK
_2ddc